01659cam a22004337a 4500003000500000005001700005008004100022010001000063011001000073035001000083040000900093082001500102100002800117245010900145260007700254300003000331410004900361490002600410500003200436590004100468590004100509590004100550590004100591590004100632590004100673590004200714650003400756650004400790650002000834700002900854810004900883830003300932901000700965905002600972942001000998949006501008999001701073952013501090CHAP20220817043448.0980806d1993 mx r 00110 spa d a75884 a76856 a86447 cCHAP04a641.1bA5200aAlderman, Harold.9370410aPoverty, household food security, and nutrition in rural Pakistanc/by Harold Alderman and Marito Garcia aWashington, D.C. :bInternational Food Policy Research Institute,c1993. a108 p. :bcuadros ; mapas2 aInternational Food Policy Research Institute 0aResearch reportv; 96 abibliografía : pp. 99-108 aBATCH-UPDb10c20130110lUCH01h0004 aBATCH-UPDb10c20130110lUCH01h0422 aBATCH-UPDb10c20130110lUCH01h2124 aBATCH-UPDb10c20130409lUCH01h1940 aBATCH-UPDb10c20130410lUCH01h0928 aBATCH-UPDb10c20130914lUCH01h0004 aCONVERSIONb10c20130109lUCH01h134114aNutriciónzPakistan.98227414aPakistánxCondiciones rurales.98478214aPobreza.9894630 aGarcía, Marito.946796 aInternational Food Policy Research Institute0 aResearch reportv; 96996080 aBK aAlejandra Carrasco M. cLIBRO a641.1 A52bBCcLIBROd33724000599825eLIBROh93248i86447si c75884d75884 00102ddc4052708GRALaBCbBCcPP_GRALd2019-12-31fLIBROl0o641.1 A52p33724000599825r2019-12-31 00:00:00w2019-12-31yLIBRO